Geografía : espacios geográficos de la argenitna /

Guardado en:
Autor Principal: Arzeno, Mariana
Otros Autores: Balbiano, Alejandro, Casaubón, Hernán, Echeandía, Daiana, García, Patricia, Grimau, Javier, Martín, Facundo, Migale, Gabriela, Minvielle, Sandra, San Cristobal, Darío, Snyrynskyj, Gabriel, Troncoso, Claudia
Formato: Libro
Publicado: Buenos Aires : Santillana, 2012
Series:Conocer +
Materias:
Etiquetas: Agregar Etiqueta
Sin Etiquetas, Sea el primero en etiquetar este registro!
LEADER 01785nam a22003495a 4500
001 CEM.cems014976
005 20181023170444.0
008 130507s2012##################000#0#####d
003 CEMS
020 |a 9789504631170 
082 0 4 |a Z918.2 
100 1 |a Arzeno, Mariana 
245 1 0 |a Geografía :  |b espacios geográficos de la argenitna /  |c Mariana Arzeno ... y Otros 
260 |a Buenos Aires :  |b Santillana,  |c 2012 
300 |a 256 p. 
490 0 |a Conocer + 
505 0 |a Organización política y administrativa -- De los pueblos originarios a la globalización -- La población Argentina -- La Argentina en el mundo del siglo XXI -- Argentina en la integración americana --Ambiente y recursos naturales -- Recursos de la corteza y/o litosfera -- Las condiciones climáticas -- Los recursos hídricos -- Flora y fauna, recurso natural y patrimonio -- Asentamientosurbanos y asentamientos rurales -- Deterioro, riesgos y vulnerabilidad ambiental -- La economía nacional -- Trabajo y empleo -- Infraestructuras y servicios para conectar -- El sector energético --Los combustibles fósiles -- El sector minero -- El sector agrario -- Actividades forestales, pesca y caza -- El sector industrial -- Circuitos productivos -- La actividad turística 
653 |a Geografía 
653 |a Geografía argentina 
653 |a Espacios geográficos 
700 1 |a Balbiano, Alejandro 
700 1 |a Casaubón, Hernán 
700 1 |a Echeandía, Daiana 
700 1 |a García, Patricia 
700 1 |a Grimau, Javier 
700 1 |a Martín, Facundo 
700 1 |a Migale, Gabriela 
700 1 |a Minvielle, Sandra 
700 1 |a San Cristobal, Darío 
700 1 |a Snyrynskyj, Gabriel 
700 1 |a Troncoso, Claudia 
859 |a CEMS  |b BIB. CEMS - 11 de abril  |h Z918.2  |i Ar89-1  |p 27659.18  |t Ej.1